|
|
|
|
| LEADER |
01134ngm a2200313 a 4500 |
| 001 |
000596281 |
| 003 |
CZ BrMZK |
| 005 |
20080516084516.0 |
| 008 |
020422s2000 xr f cze d |
| 028 |
0 |
1 |
|a BON 201262 3
|b Bonton
|
| 040 |
|
|
|a BOA001
|b cze
|
| 080 |
|
|
|a 784.67
|2 MRF
|
| 080 |
|
|
|a 821.162.3-34
|2 MRF
|
| 080 |
|
|
|a 82-93
|2 MRF
|
| 100 |
1 |
|
|a Patrasová, Dagmar,
|d 1956-
|7 jn99240000839
|4 prf
|
| 245 |
1 |
0 |
|a Kouzelný rok s Dádou
|h [videozáznam]
|
| 260 |
|
|
|a Praha :
|b Sony Music Bonton,
|c p2000
|
| 300 |
|
|
|a 1 videokazeta (VHS) (90:00)
|
| 306 |
|
|
|a 013000
|
| 511 |
0 |
|
|a Nahrál Orchestr Felixe Slováčka
|
| 511 |
0 |
|
|a Účinkují: Dagmar Patrasová
|
| 650 |
0 |
7 |
|a dětské písně
|7 ph119736
|2 czenas
|
| 655 |
|
7 |
|a české pohádky
|7 fd133970
|2 czenas
|
| 655 |
|
4 |
|a zvukové záznamy pro děti
|
| 710 |
2 |
|
|a Bigband Felixe Slováčka
|7 ko2003181142
|4 prf
|
| 910 |
|
|
|a BOA001
|b VID-1102.191
|
| 990 |
|
|
|a VI
|
| 996 |
6 |
|
|b 2610159365
|c VID-1102.191
|l MZK
|r Sklad / do 24 hodin
|n 0
|p p.v.
|w 000596281
|u 000010
|a 1
|e BOA001
|j MZK50
|s P
|
| 996 |
6 |
|
|b 2610159366
|c VID-1102.191
|l MZK
|r Sklad / do 24 hodin
|n 0
|p p.v.
|w 000596281
|u 000020
|a 1
|e BOA001
|j MZK50
|s P
|